les sports qui se joues en 1 contre 1 - Statistiques

Statistiques générales
  • Ce quiz a été pris 156 fois
  • Le résultat moyen est 6 sur 15
Statistiques - réponses
Hint Réponse % Correct
1 Tennis
97%
3 Tennis de table
82%
4 badminton
75%
6 Boxe
69%
10 judo
66%
9 Karaté
54%
12 escrime
43%
7 MMA
40%
2 Padel
24%
15 natation
12%
8 Lute
9%
11 sumo
7%
5 Squatsh
1%
14 escalade ( duel de vitesse )
0%
13 tire à l'arc
0%
Aucun quiz correspondant
Distribution des résultats
% des personnes avec chaque résultat
Percentile par nombre de réponses
Votre historique - résultats
Vous n’avez pas pris ce quiz